| 000 | 00478nam a22001817a 4500 | ||
|---|---|---|---|
| 999 |
_c525408 _d525408 |
||
| 003 | NUST | ||
| 005 | 20190702053355.0 | ||
| 038 | _aFaiza | ||
| 082 |
_a891.421 _bBHA |
||
| 100 |
_aBhai, Munno _916271 |
||
| 245 |
_aAjey Qiamat Nain Aaii / _cMunno bhai |
||
| 260 |
_aLahore: _bSang-e-meel Publications, _c2003. |
||
| 300 | _a74p. ; | ||
| 500 | _aHard Back | ||
| 880 |
_6100-01\r _aمنو بھائی |
||
| 880 |
_6245-02\r _a /اجے قیامت نئیں آئی |
||
| 942 |
_2ddc _cBK |
||